<?xml version="1.0" encoding="UTF-8"?><?xml-stylesheet type="text/xsl" href="static/style.xsl"?><OAI-PMH xmlns="http://www.openarchives.org/OAI/2.0/" xmlns:xsi="http://www.w3.org/2001/XMLSchema-instance" xsi:schemaLocation="http://www.openarchives.org/OAI/2.0/ http://www.openarchives.org/OAI/2.0/OAI-PMH.xsd"><responseDate>2026-06-05T14:23:33Z</responseDate><request verb="GetRecord" identifier="oai:riuma.uma.es:10630/45069" metadataPrefix="marc">https://riuma.uma.es/rest/oai/request</request><GetRecord><record><header><identifier>oai:riuma.uma.es:10630/45069</identifier><datestamp>2026-01-31T00:46:53Z</datestamp><setSpec>com_10630_2254</setSpec><setSpec>col_10630_37959</setSpec></header><metadata><record xmlns="http://www.loc.gov/MARC21/slim" xmlns:dcterms="http://purl.org/dc/terms/" xmlns:doc="http://www.lyncode.com/xoai" xmlns:xsi="http://www.w3.org/2001/XMLSchema-instance" xsi:schemaLocation="http://www.loc.gov/MARC21/slim http://www.loc.gov/standards/marcxml/schema/MARC21slim.xsd">
   <leader>00925njm 22002777a 4500</leader>
   <datafield ind2=" " ind1=" " tag="042">
      <subfield code="a">dc</subfield>
   </datafield>
   <datafield ind2=" " ind1=" " tag="720">
      <subfield code="a">Peñas-Garzón, Manuel</subfield>
      <subfield code="e">author</subfield>
   </datafield>
   <datafield ind2=" " ind1=" " tag="720">
      <subfield code="a">Valero-Romero, María José</subfield>
      <subfield code="e">author</subfield>
   </datafield>
   <datafield ind2=" " ind1=" " tag="720">
      <subfield code="a">García-Mateos, Francisco José</subfield>
      <subfield code="e">author</subfield>
   </datafield>
   <datafield ind2=" " ind1=" " tag="720">
      <subfield code="a">Ruiz-Rosas, Ramiro Rafael</subfield>
      <subfield code="e">author</subfield>
   </datafield>
   <datafield ind2=" " ind1=" " tag="720">
      <subfield code="a">Rosas-Martínez, Juana María</subfield>
      <subfield code="e">author</subfield>
   </datafield>
   <datafield ind2=" " ind1=" " tag="720">
      <subfield code="a">Rodríguez-Mirasol, José</subfield>
      <subfield code="e">author</subfield>
   </datafield>
   <datafield ind2=" " ind1=" " tag="720">
      <subfield code="a">Cordero-Alcántara, Tomás</subfield>
      <subfield code="e">author</subfield>
   </datafield>
   <datafield ind2=" " ind1=" " tag="260">
      <subfield code="c">2025-10-22</subfield>
   </datafield>
   <datafield ind2=" " ind1=" " tag="520">
      <subfield code="a">El presente estudio aborda el fotoreformado de diferentes compuestos, incluyendo azúcares (glucosa), alcoholes (metanol), y aldehídos (furfural), tanto de forma separada como en combinación en aguas sintéticas, utilizando fotocatalizadores basados en nitruro de carbono (g-C3N4). Con respecto a este fotocatalizador, el presente trabajo evalúa la utilización de diversos precursores para la síntesis de nitruro de carbono (por ejemplo, urea y diciandiamida), así como diferentes etapas de tratamiento térmico, y la presencia de Pt como co-catalizador. Es importante destacar que el g-C3N4 es activo bajo luz visible, permitiendo la utilización de fuentes de irradiación eficientes y de bajo coste, con una longitud de onda próxima a los 400 nm. De esta forma, se trata de impulsar la potencial generación fotocatalítica de H2 en disoluciones acuosas empleando agentes de sacrificio de origen biomásico.</subfield>
   </datafield>
   <datafield ind1="8" ind2=" " tag="024">
      <subfield code="a">https://hdl.handle.net/10630/45069</subfield>
   </datafield>
   <datafield tag="653" ind2=" " ind1=" ">
      <subfield code="a">Productos químicos de la biomasa</subfield>
   </datafield>
   <datafield ind2="0" ind1="0" tag="245">
      <subfield code="a">Generación de hidrógeno utilizando fotocatalizadores de nitruro de carbono y agentes de sacrificio de origen biomásico.</subfield>
   </datafield>
</record>
</metadata></record></GetRecord></OAI-PMH>